000 00580nam a2200181Ia 4500
008 100920s9999 xx 000 0 und d
082 _b8920
_a891.43 0
100 _aशास्त्री धर्मपाल.
245 _aसुगम हिन्दी व्याकरण.
260 _b---
_c0
300 _a224
_bसाधी
365 _b0
520 _aहिंदी.
630 _aसुगम हिन्दी व्याकरण.
650 _aहिंदी.
730 _aसुगम हिन्दी व्याकरण.
942 _cBOOK
999 _c676064
_d676061